000 00310nam a22001337a 4500
003 SGT
020 _a978-0-12-343011-9
082 _a616.89
_bE02H
100 _aHERSEN, MICHEL
245 _aENCYCLOPEDIA OF PSYCHOTHERAPY VOL.1
260 _aAMSTERDAM
_bACADEMIC PRESS
_c2002
300 _a957
942 _2ddc
_cBK
999 _c18073
_d18073